Cómo concebir el urbanismo
Saved in:
| Hovedforfatter: | |
|---|---|
| Format: | Bog |
| Sprog: | spansk |
| Udgivet: |
Buenos Aires
Infinito
2001
|
| Udgivelse: | 4a. ed |
| Serier: | Biblioteca de Planeamiento y Vivienda
|
| Fag: | |
| Tags: |
Tilføj Tag
Ingen Tags, Vær først til at tagge denne postø!
|
MARC
| LEADER | 00000cam a2200000 a 4500 | ||
|---|---|---|---|
| 001 | UCH0688 | ||
| 003 | CL-VaPUC | ||
| 005 | 20240805121241.0 | ||
| 008 | 090320e20010000AG |||||||||||||||||spa|d | ||
| 999 | |c 332942 |d 332940 | ||
| 020 | |a 9879393112 | ||
| 040 | |c Pontificia Universidad Católica de Valparaíso | ||
| 082 | 0 | 4 | |a 720.1 |b LEC |2 21 |
| 100 | |a Le Corbusier |e author |9 265037 | ||
| 245 | 1 | 0 | |a Cómo concebir el urbanismo |
| 250 | |a 4a. ed | ||
| 260 | |a Buenos Aires |b Infinito |c 2001 | ||
| 300 | |a 214 p | ||
| 490 | 0 | |a Biblioteca de Planeamiento y Vivienda | |
| 583 | |a last modification |c 20140326 07:55:39 |k Rodrigo Vera | ||
| 600 | |a Le Corbusier |d 1887 - 1965 |9 547939 | ||
| 650 | 0 | |a Arquitectura moderna |y Siglo 20 |x Urbanismo |x Ciudad jardin |9 265021 | |
| 942 | |c BK |2 ddc | ||
| 945 | |d 20090320 00:00:00 |a cmena | ||
| 952 | |0 0 |1 0 |4 0 |6 720_100000000000000_LEC_2001 |7 0 |8 R |9 421014 |a BIBARQ |b BIBARQ |d 2019-11-22 |i 4513789 |l 1 |o 720.1 LEC 2001 |p 4513789 |r 2025-01-20 |s 2023-07-11 |w 2019-11-22 |y BK_R |k ARQ | ||
| 952 | |0 0 |1 0 |3 erb |4 0 |6 720_100000000000000_LEC_2001 |7 0 |8 R |9 421015 |a BIBART |b BIBART |i 5065054 |o 720.1 LEC 2001 |p 5065054 |r 2025-03-13 |w 2019-11-22 |y BK_R |z Catalogado en:20140331 |k ART | ||